Madame Sans-Gêne : roman tiré de la pièce de MM. V. Sardou et E. Moreau. * [I.], La Blanchisseuse /

Hlavní autor: Lepelletier, Edmond, 1846-1913
Další autoři: Moreau, Émile, 1852-1922, Sardou, Victorien, 1831-1908
Jazyk: Francouzština
Vydáno: Paris : Jules Tallandier, [1910?]
Fyzický popis: 226 s.
Knihy
Uloženo v:
LEADER 00852nam a22002412a 4500
001 001881845
003 CZ BrMZK
005 20240125074137.0
007 ta
008 240108s1910 fr er|||||||||||fre d
040 |a BOA001  |b cze  |e aacr2 
100 1 |a Lepelletier, Edmond,  |d 1846-1913  |7 jx20070620008  |4 aut 
245 1 0 |a Madame Sans-Gêne :  |b roman tiré de la pièce de MM. V. Sardou et E. Moreau.  |n * [I.],  |p La Blanchisseuse /  |c Edmond Lepelletier 
246 3 0 |a Blanchisseuse 
260 |a Paris :  |b Jules Tallandier,  |c [1910?] 
300 |a 226 s. 
700 1 |a Moreau, Émile,  |d 1852-1922  |7 jx20100125007  |4 ant 
700 1 |a Sardou, Victorien,  |d 1831-1908  |7 jn19990007351  |4 ant 
910 |a BOA001  |b 1-0203.214,2 
990 |a BK 
993 |a Y 
991 |b 202401 
996 6 |b BC-2470723  |c 1-0203.214,2  |l MZK  |r Sklad / do 1 hodiny  |n 0  |w 001949279  |u 000010  |a 1  |e BOA001  |j MZK50  |s P